Энциклопедический словарь (ბიბ.ჩანაწერი № 44245)
[ მარტივი ფორმატი ]
| 000 -LEADER | |
|---|---|
| fixed length control field | 00474nam a2200145Ia 4500 |
| 001 - CONTROL NUMBER | |
| control field | 11003 |
| 003 - CONTROL NUMBER IDENTIFIER | |
| control field | GE_BSU |
| 008 - FIXED-LENGTH DATA ELEMENTS--GENERAL INFORMATION | |
| fixed length control field | 181216s||||||||xx |||||||||||||| ||und|| |
| 040 ## - CATALOGING SOURCE | |
| Transcribing agency | GE_BSU |
| 245 ## - TITLE STATEMENT | |
| Title | Энциклопедический словарь |
| 245 ## - TITLE STATEMENT | |
| Remainder of title | Т.ХХXIVа=:Углеродь-Усилие. |
| 245 ## - TITLE STATEMENT | |
| Statement of responsibility, etc. | Подь Ред: К.К. Арсеньева,О.О. Петрушевскаго. |
| 653 ## - INDEX TERM--UNCONTROLLED | |
| Uncontrolled term | Энциклопедический словарь |
| 942 ## - ADDED ENTRY ELEMENTS (KOHA) | |
| Koha item type | წიგნი |
არაა ხელმისაწვდომი ეგზემპლარები.
